Xolo Maridueña Filmography - Statistics

General Stats
  • This quiz has been taken 9 times
    2 since last reset
  • The average score is 3 of 33
Answer Stats
Type Year Name % Correct
Film 2023 Blue Beetle
100%
Web Series 2018-2025 Cobra Kai
100%
Film 2025 Smurfs
50%
Web Series 2024 A Great Day with J Balvin
0%
TV Show 2022-2024 Batwheels
0%
Web Series 2020-2021 Cleopatra in Space
0%
Video Game 2022 Cobra Kai 2: Dojos Rising
0%
Film 2025 Code 3
0%
TV Show 2023 Dancing with the Stars
0%
Film 2013 Dealin' with Idiots
0%
Film 2025 Dog Years
0%
Web Series 2020 Fast & Furious: Spy Racers
0%
TV Pilot 2016 Furst Born
0%
Short Film 2020 Goodnight America
0%
Web Series 2025 Invincible
0%
Film TBA Killing Castro
0%
Commercial 2015 Kmart
0%
Podcast 2023-Present Lone Lobos with Xolo Maridueña and Jacob Bertrand
0%
TV Show 2016 Mack & Moxy
0%
TV Show 2013 Major Crimes
0%
TV Show 2024 Marvel's Moon Girl and Devil Dinosaur
0%
TV Show TBA Nova
0%
TV Show 2012-2015 Parenthood
0%
Film 2026 Practical Magic 2
0%
TV Show 2016 Rush Hour
0%
Web Series 2025 Sakamoto Days
0%
Web Series 2022 The Boys Presents: Diabolical
0%
Podcast 2022 The Latin Babbler Show
0%
Documentary 2023 Told They Can't
0%
TV Show 2017 Twin Peaks
0%
TV Show 2019-2021 Victor & Valentino
0%
Short Film 2021 #Whitina
0%
Web Series 2021 Wu-Tang: An American Saga
0%
No matching quizzes found
Score Distribution
Percent of People with Each Score
Percentile by Number Answered
Your Score History
You have not taken this quiz since the last reset